|
|
|
|
| LEADER |
01179nam a2200337 a 4500 |
| 001 |
000699294 |
| 003 |
CZ BrMZK |
| 005 |
20040109143253.0 |
| 007 |
ta |
| 008 |
031208s2003 xo a f 000 0 slo d |
| 020 |
|
|
|a 80-227-1931-5
|q (brož.)
|
| 040 |
|
|
|a BOA001
|b cze
|
| 072 |
|
7 |
|a 697
|x Vytápění, větrání, klimatizace
|2 Konspekt
|9 19
|
| 080 |
|
|
|a 696.14
|2 MRF
|
| 080 |
|
|
|a (048.8)
|2 MRF
|
| 080 |
|
|
|a 697.9
|2 MRF
|
| 100 |
1 |
|
|a Budiaková, Mária
|7 mzk2003211203
|4 aut
|
| 245 |
1 |
0 |
|a Technické zariadenia budov I :
|b zdravotná technika : vzduchotechnika /
|c Mária Budiaková
|
| 246 |
3 |
3 |
|a Vzduchotechnika
|
| 246 |
3 |
3 |
|a Zdravotná technika
|
| 250 |
|
|
|a 1. vyd.
|
| 260 |
|
|
|a Bratislava :
|b Slovenská technická univerzita,
|c 2003
|
| 300 |
|
|
|a 195 s. :
|b il. ;
|c 30 cm
|
| 504 |
|
|
|a Obsahuje bibliografii
|
| 541 |
|
|
|a Bratislava, Centrum vedecko-technických informácií SR
|
| 650 |
0 |
7 |
|a sanitární technika
|7 ph116108
|2 czenas
|
| 650 |
0 |
7 |
|a vzduchotechnika
|7 ph116654
|2 czenas
|
| 655 |
|
7 |
|a studie
|7 fd133597
|2 czenas
|
| 910 |
|
|
|a BOA001
|b 3-1124.816
|
| 990 |
|
|
|a BK
|
| 996 |
6 |
|
|b 2610205629
|c 3-1124.816
|l MZK
|r STM 6p
|n 0
|p vým
|h 696/697 BUD
|w 000699294
|u 000010
|a 0
|e BOA001
|j MZK50
|s P
|